01182 a2200157 4500003000500000005001700005010001600022040000900038082001500047100001900062245006600081250001100147260003600158300001400194505081600208Nust20221014112826.0 a 91022890 cNust a604.24,EAR aJames H. Earle aGraphics for Engnieeris Auto CAD Release 11 /cJames H. Earle a3rd ed aNew YorkbAddision-Wesleyc1985 axxi,599p; aIntroduction to Engineering and Technology (Page-1), The Design Process (Page-15), The Computer in Design and Drafting (Page-41), Lettering (Page-48), Drawing Instruments (Page-57), Geometric Construction (Page-77), Multiview Sketching (Page-106) Multiview Drawing with Instruments (Page-122), Axuiliary Views (Page-152), Sections (Page-170), Screws Fasteners and Springs (Page-189), Gears and Cams (Page-220), Materials and Processes (Page-236), Dimensioning (Page-249), Tolerances (Page-277), Welding (Page-312), Working Drawings (Page-322), Reproduction Methods and Drawing and Drawing Shortcuts (Page-363), Pictorials (Page-370), Descriptive Geometry (Page-404), Civil Engineering Applications (Page-455), Graphs (Page-472), Auto CAD Computer Graphics (Page-491), Introduction to Solid Modeling (Page-593).